When is it reasonable to be unreasonable? (Record no. 70146)
[ view plain ]
| 000 -LEADER | |
|---|---|
| fixed length control field | 00984cam a2200217 4500 |
| 001 - CONTROL NUMBER | |
| control field | ABS65441 |
| 008 - FIXED-LENGTH DATA ELEMENTS--GENERAL INFORMATION | |
| fixed length control field | 020501n2002 000 0 eng u |
| 035 ## - SYSTEM CONTROL NUMBER | |
| System control number | (Sirsi) u117796 |
| 100 ## - MAIN ENTRY--PERSONAL NAME | |
| Personal name | Eyden, R |
| 245 ## - TITLE STATEMENT | |
| Title | When is it reasonable to be unreasonable? |
| 260 ## - PUBLICATION, DISTRIBUTION, ETC. | |
| Date of publication, distribution, etc. | 2002 |
| 490 ## - SERIES STATEMENT | |
| Series statement | CSM |
| -- | Chartered Surveyor Monthly |
| Volume/sequential designation | April 2002, 27(1) |
| 520 ## - SUMMARY, ETC. | |
| Summary, etc. | Illustrates extent to which a court would be prepared to imply obligations into a development contract, in particular a general obligation for a party to act reasonably. Cites recent case "Liverpool City Council v Walton Group Plc" where the court decided it was not open to claimant to refuse to allow development to proceed on grounds that it now favoured an alternative scheme with a different developer. |
| 590 ## - LOCAL NOTE (RLIN) | |
| Local note | ABS |
| 650 ## - SUBJECT ADDED ENTRY--TOPICAL TERM | |
| Topical term or geographic name entry element | LIVERPOOL CITY COUNCIL V WALTON GROUP PLC |
| 650 ## - SUBJECT ADDED ENTRY--TOPICAL TERM | |
| Topical term or geographic name entry element | REDEVELOPMENT |
| 650 ## - SUBJECT ADDED ENTRY--TOPICAL TERM | |
| Topical term or geographic name entry element | OBLIGATIONS |
| 650 ## - SUBJECT ADDED ENTRY--TOPICAL TERM | |
| Topical term or geographic name entry element | DEVELOPERS |
| 690 ## - LOCAL SUBJECT ADDED ENTRY--TOPICAL TERM (OCLC, RLIN) | |
| Topical term or geographic name as entry element | PROPERTY AND LAND LAW-CASE LAW |
| 942 ## - ADDED ENTRY ELEMENTS (KOHA) | |
| Suppress in OPAC | 0 |
| Withdrawn status | Lost status | Source of classification or shelving scheme | Damaged status | Not for loan | Home library | Current library | Shelving location | Date acquired | Total Checkouts | Full call number | Barcode | Date last seen | Copy number | Price effective from | Koha item type |
|---|---|---|---|---|---|---|---|---|---|---|---|---|---|---|---|
| Dewey Decimal Classification | London | London | Journal article | 01/05/2002 | ABS65441 | 117796-1001 | 06/08/2019 | 1 | 06/08/2019 | Journal article |